Úvod do hospodářské kriminality /

Hlavní autor: Chmelík, Jan, 1952-
Další autoři: Hájek, Pavel, 1950-, Nečas, Stanislav, 1951-
Jazyk: Čeština
Vydáno: Plzeň : Aleš Čeněk, 2005
Edice: Vysokoškolské učebnice (Aleš Čeněk)
Témata:
Fyzický popis: 167 s. ; 21 cm
Knihy
Uloženo v:
LEADER 01541nam a2200397 a 4500
001 000769364
003 CZ BrMZK
005 20070622092828.0
007 ta
008 050406s2005 xr erp 000 0 cze c
015 |a cnb001500348 
020 |a 80-86898-13-X  |q (brož.) 
035 |a (OCoLC)85137405 
040 |a OLA001  |b cze  |d BOA001 
072 7 |a 343  |x Trestní právo  |2 Konspekt  |9 16 
072 7 |a 37.016  |x Učební osnovy. Vyučovací předměty. Učebnice  |2 Konspekt  |9 22 
080 |a 343.3/.7  |2 MRF 
080 |a 343.37  |2 MRF 
080 |a (075.8)  |2 MRF 
100 1 |a Chmelík, Jan,  |d 1952-  |7 jn20000403070  |4 aut 
245 1 0 |a Úvod do hospodářské kriminality /  |c Jan Chmelík, Pavel Hájek, Stanislav Nečas 
260 |a Plzeň :  |b Aleš Čeněk,  |c 2005 
300 |a 167 s. ;  |c 21 cm 
490 1 |a Vysokoškolské učebnice 
504 |a Obsahuje bibliografii a bibliografické odkazy 
650 0 7 |a ekonomická kriminalita  |7 ph120818  |2 czenas 
650 0 7 |a finanční kriminalita  |7 ph114550  |2 czenas 
655 7 |a učebnice vysokých škol  |7 fd133772  |2 czenas 
700 1 |a Hájek, Pavel,  |d 1950-  |7 mzk2005278246  |4 aut 
700 1 |a Nečas, Stanislav,  |d 1951-  |7 mzk2004252001  |4 aut 
830 0 |a Vysokoškolské učebnice (Aleš Čeněk)  |0 s 
910 |a BOA001  |b 2-1149.762 
990 |a BK 
991 |b 200505  |c NOV 
996 6 |b 2610247944  |c 2-1149.762  |l MZK  |r Sklad / do 1 hodiny  |n 5  |p p.v.  |w 000769364  |u 000010  |a 1  |e BOA001  |j MZK50  |s P 
996 7 |b 2610254583  |c 2-1149.762  |l Vol.výběr  |r VV 0p  |n 47  |p kup  |h 343 CHM  |w 000769364  |u 000020  |a 0  |e BOA001  |j MZK50  |s A